000
00240nam a2200097Ia 4500
008
190216s9999||||xx |||||||||||||| ||und||
100
_a
Publication Division Author
245
0
_a
Our Play
260
_b
Sacheeny Publishing Company
942
_c
BK
999
_c
11878
_d
11878